<?xml version="1.0" encoding="UTF-8"?>
<collection xmlns="http://www.loc.gov/MARC21/slim">
 <record>
  <leader>04756cam a2200745   4500</leader>
  <controlfield tag="001">1127685201</controlfield>
  <controlfield tag="003">DE-627</controlfield>
  <controlfield tag="005">20240329082026.0</controlfield>
  <controlfield tag="007">tu</controlfield>
  <controlfield tag="008">970307s1967    gw |||||      00| ||ger c</controlfield>
  <datafield tag="016" ind1="7" ind2=" ">
   <subfield code="a">457331186</subfield>
   <subfield code="2">DE-101</subfield>
  </datafield>
  <datafield tag="035" ind1=" " ind2=" ">
   <subfield code="a">(DE-627)1127685201</subfield>
  </datafield>
  <datafield tag="035" ind1=" " ind2=" ">
   <subfield code="a">(DE-576)057685207</subfield>
  </datafield>
  <datafield tag="035" ind1=" " ind2=" ">
   <subfield code="a">(DE-599)BSZ057685207</subfield>
  </datafield>
  <datafield tag="035" ind1=" " ind2=" ">
   <subfield code="a">(OCoLC)5260729</subfield>
  </datafield>
  <datafield tag="035" ind1=" " ind2=" ">
   <subfield code="a">(OCoLC)220496545</subfield>
  </datafield>
  <datafield tag="035" ind1=" " ind2=" ">
   <subfield code="a">(OCoLC)05260729</subfield>
  </datafield>
  <datafield tag="035" ind1=" " ind2=" ">
   <subfield code="a">(OCoLC)164988451</subfield>
  </datafield>
  <datafield tag="035" ind1=" " ind2=" ">
   <subfield code="a">(DE-604)8050515764</subfield>
  </datafield>
  <datafield tag="040" ind1=" " ind2=" ">
   <subfield code="a">DE-627</subfield>
   <subfield code="b">ger</subfield>
   <subfield code="c">DE-627</subfield>
   <subfield code="e">rakwb</subfield>
  </datafield>
  <datafield tag="041" ind1=" " ind2=" ">
   <subfield code="a">ger</subfield>
  </datafield>
  <datafield tag="044" ind1=" " ind2=" ">
   <subfield code="c">XA-DE</subfield>
  </datafield>
  <datafield tag="050" ind1=" " ind2="0">
   <subfield code="a">DD901.J86</subfield>
  </datafield>
  <datafield tag="082" ind1="0" ind2=" ">
   <subfield code="a">914.3</subfield>
  </datafield>
  <datafield tag="084" ind1=" " ind2=" ">
   <subfield code="a">12a</subfield>
   <subfield code="2">sdnb</subfield>
  </datafield>
  <datafield tag="084" ind1=" " ind2=" ">
   <subfield code="a">NF 5805</subfield>
   <subfield code="2">rvk</subfield>
   <subfield code="0">(DE-625)rvk/125263:1212</subfield>
  </datafield>
  <datafield tag="084" ind1=" " ind2=" ">
   <subfield code="a">NF 5720</subfield>
   <subfield code="2">rvk</subfield>
   <subfield code="0">(DE-625)rvk/125263:1191</subfield>
  </datafield>
  <datafield tag="084" ind1=" " ind2=" ">
   <subfield code="a">NF 5725</subfield>
   <subfield code="2">rvk</subfield>
   <subfield code="0">(DE-625)rvk/125263:1192</subfield>
  </datafield>
  <datafield tag="084" ind1=" " ind2=" ">
   <subfield code="a">NF 1305</subfield>
   <subfield code="2">rvk</subfield>
   <subfield code="0">(DE-625)rvk/125211:1212</subfield>
  </datafield>
  <datafield tag="084" ind1=" " ind2=" ">
   <subfield code="a">15.19</subfield>
   <subfield code="2">bkl</subfield>
  </datafield>
  <datafield tag="100" ind1="1" ind2=" ">
   <subfield code="a">La Baume, Peter</subfield>
   <subfield code="d">1916-1977</subfield>
   <subfield code="0">(DE-588)1058154931</subfield>
   <subfield code="0">(DE-627)79661735X</subfield>
   <subfield code="0">(DE-576)161929192</subfield>
   <subfield code="4">aut</subfield>
  </datafield>
  <datafield tag="245" ind1="1" ind2="4">
   <subfield code="a">Das fränkische Gräberfeld von Junkersdorf bei Köln</subfield>
   <subfield code="c">Peter La Baume</subfield>
  </datafield>
  <datafield tag="264" ind1=" " ind2="1">
   <subfield code="a">Berlin</subfield>
   <subfield code="b">Mann</subfield>
   <subfield code="c">1967</subfield>
  </datafield>
  <datafield tag="300" ind1=" " ind2=" ">
   <subfield code="a">271 S., 86 Taf.</subfield>
   <subfield code="b">zahlr. graph. Darst.</subfield>
  </datafield>
  <datafield tag="336" ind1=" " ind2=" ">
   <subfield code="a">Text</subfield>
   <subfield code="b">txt</subfield>
   <subfield code="2">rdacontent</subfield>
  </datafield>
  <datafield tag="337" ind1=" " ind2=" ">
   <subfield code="a">ohne Hilfsmittel zu benutzen</subfield>
   <subfield code="b">n</subfield>
   <subfield code="2">rdamedia</subfield>
  </datafield>
  <datafield tag="338" ind1=" " ind2=" ">
   <subfield code="a">Band</subfield>
   <subfield code="b">nc</subfield>
   <subfield code="2">rdacarrier</subfield>
  </datafield>
  <datafield tag="490" ind1="1" ind2=" ">
   <subfield code="a">Germanische Denkmäler der Völkerwanderungszeit</subfield>
   <subfield code="a">Serie B, Die fränkischen Altertümer des Rheinlandes</subfield>
   <subfield code="v">3</subfield>
  </datafield>
  <datafield tag="500" ind1=" " ind2=" ">
   <subfield code="a">Mit Bibliogr</subfield>
  </datafield>
  <datafield tag="583" ind1="1" ind2=" ">
   <subfield code="a">Archivierung prüfen</subfield>
   <subfield code="c">20240324</subfield>
   <subfield code="f">DE-4165</subfield>
   <subfield code="z">2</subfield>
   <subfield code="2">pdager</subfield>
  </datafield>
  <datafield tag="653" ind1=" " ind2="0">
   <subfield code="a">Junkersdorf (North Rhine-Westphalla</subfield>
   <subfield code="a">Antiquities</subfield>
  </datafield>
  <datafield tag="689" ind1="0" ind2="0">
   <subfield code="d">s</subfield>
   <subfield code="0">(DE-588)4071340-4</subfield>
   <subfield code="0">(DE-627)106098179</subfield>
   <subfield code="0">(DE-576)20918339X</subfield>
   <subfield code="a">Franken</subfield>
   <subfield code="g">Germanen</subfield>
   <subfield code="2">gnd</subfield>
  </datafield>
  <datafield tag="689" ind1="0" ind2="1">
   <subfield code="d">g</subfield>
   <subfield code="0">(DE-588)4109145-0</subfield>
   <subfield code="0">(DE-627)105864412</subfield>
   <subfield code="0">(DE-576)20943872X</subfield>
   <subfield code="a">Köln-Junkersdorf</subfield>
   <subfield code="2">gnd</subfield>
  </datafield>
  <datafield tag="689" ind1="0" ind2="2">
   <subfield code="d">s</subfield>
   <subfield code="0">(DE-588)4071980-7</subfield>
   <subfield code="0">(DE-627)104757221</subfield>
   <subfield code="0">(DE-576)209185503</subfield>
   <subfield code="a">Gräberfeld</subfield>
   <subfield code="2">gnd</subfield>
  </datafield>
  <datafield tag="689" ind1="0" ind2=" ">
   <subfield code="5">(DE-627)</subfield>
  </datafield>
  <datafield tag="710" ind1="2" ind2=" ">
   <subfield code="a">Deutsches Archäologisches Institut</subfield>
   <subfield code="b">Römisch-Germanische Kommission</subfield>
   <subfield code="0">(DE-588)25966-4</subfield>
   <subfield code="0">(DE-627)100671799</subfield>
   <subfield code="0">(DE-576)190295376</subfield>
   <subfield code="4">oth</subfield>
  </datafield>
  <datafield tag="710" ind1="2" ind2=" ">
   <subfield code="a">Rheinisches Landesmuseum Bonn</subfield>
   <subfield code="0">(DE-588)37793-4</subfield>
   <subfield code="0">(DE-627)100862543</subfield>
   <subfield code="0">(DE-576)190355093</subfield>
   <subfield code="4">oth</subfield>
  </datafield>
  <datafield tag="710" ind1="2" ind2=" ">
   <subfield code="a">Landschaftsverband Rheinland</subfield>
   <subfield code="0">(DE-588)4049790-2</subfield>
   <subfield code="0">(DE-627)106185586</subfield>
   <subfield code="0">(DE-576)209083646</subfield>
   <subfield code="4">oth</subfield>
  </datafield>
  <datafield tag="787" ind1="0" ind2="8">
   <subfield code="i">Rezensiert in</subfield>
   <subfield code="a">Ellmers, Detlev, 1938 - 2022</subfield>
   <subfield code="t">[Rezension von: P. La Baume, Das fränkische Gräberfeld von Junkersdorf bei Köln]</subfield>
   <subfield code="d">Mainz : Verlag des Römisch-Germanischen Zentralmuseums, 1968</subfield>
   <subfield code="w">(DE-627)1565976924</subfield>
   <subfield code="w">(DE-576)49597692X</subfield>
  </datafield>
  <datafield tag="787" ind1="0" ind2="8">
   <subfield code="i">Rezensiert in</subfield>
   <subfield code="a">Gollub, Siegfried, 1915 - 1983</subfield>
   <subfield code="t">[Rezension von: La Baume, Peter, Das fränkische Gräberfeld von Junkersdorf bei Köln]</subfield>
   <subfield code="d">1969</subfield>
   <subfield code="w">(DE-627)1833840771</subfield>
  </datafield>
  <datafield tag="830" ind1=" " ind2="0">
   <subfield code="a">Germanische Denkmäler der Völkerwanderungszeit / B</subfield>
   <subfield code="v">3</subfield>
   <subfield code="9">3</subfield>
   <subfield code="w">(DE-627)131013297</subfield>
   <subfield code="w">(DE-576)013366564</subfield>
   <subfield code="w">(DE-600)1089589-9</subfield>
   <subfield code="x">0418-9779</subfield>
   <subfield code="7">ns</subfield>
  </datafield>
  <datafield tag="889" ind1=" " ind2=" ">
   <subfield code="w">(DE-627)781053390</subfield>
  </datafield>
  <datafield tag="889" ind1=" " ind2=" ">
   <subfield code="w">(DE-627)196430585</subfield>
  </datafield>
  <datafield tag="935" ind1=" " ind2=" ">
   <subfield code="i">mdedup</subfield>
  </datafield>
  <datafield tag="936" ind1="r" ind2="v">
   <subfield code="a">NF 5805</subfield>
   <subfield code="b">Einzelbeiträge</subfield>
   <subfield code="k">Geschichte</subfield>
   <subfield code="k">Ur- und Frühgeschichte / Prähistorische Archäologie</subfield>
   <subfield code="k">Allgemeine und europäische Ur- und Frühgeschichte nach Epochen</subfield>
   <subfield code="k">Völkerwanderungs- und Merowingerzeit (400 - 800 n. Chr.)</subfield>
   <subfield code="k">Europa</subfield>
   <subfield code="k">Mitteleuropa (Deutschland, Österreich, Schweiz)</subfield>
   <subfield code="k">Deutschland</subfield>
   <subfield code="k">West- und Mitteldeutschland</subfield>
   <subfield code="k">Einzelbeiträge</subfield>
   <subfield code="0">(DE-627)1270985620</subfield>
   <subfield code="0">(DE-625)rvk/125263:1212</subfield>
   <subfield code="0">(DE-576)200985620</subfield>
  </datafield>
  <datafield tag="936" ind1="r" ind2="v">
   <subfield code="a">NF 5720</subfield>
   <subfield code="b">Allgemeines</subfield>
   <subfield code="k">Geschichte</subfield>
   <subfield code="k">Ur- und Frühgeschichte / Prähistorische Archäologie</subfield>
   <subfield code="k">Allgemeine und europäische Ur- und Frühgeschichte nach Epochen</subfield>
   <subfield code="k">Völkerwanderungs- und Merowingerzeit (400 - 800 n. Chr.)</subfield>
   <subfield code="k">Europa</subfield>
   <subfield code="k">Allgemeines</subfield>
   <subfield code="0">(DE-627)1271714175</subfield>
   <subfield code="0">(DE-625)rvk/125263:1191</subfield>
   <subfield code="0">(DE-576)201714175</subfield>
  </datafield>
  <datafield tag="936" ind1="r" ind2="v">
   <subfield code="a">NF 5725</subfield>
   <subfield code="b">Einzelbeiträge</subfield>
   <subfield code="k">Geschichte</subfield>
   <subfield code="k">Ur- und Frühgeschichte / Prähistorische Archäologie</subfield>
   <subfield code="k">Allgemeine und europäische Ur- und Frühgeschichte nach Epochen</subfield>
   <subfield code="k">Völkerwanderungs- und Merowingerzeit (400 - 800 n. Chr.)</subfield>
   <subfield code="k">Europa</subfield>
   <subfield code="k">Einzelbeiträge</subfield>
   <subfield code="0">(DE-627)127150345X</subfield>
   <subfield code="0">(DE-625)rvk/125263:1192</subfield>
   <subfield code="0">(DE-576)20150345X</subfield>
  </datafield>
  <datafield tag="936" ind1="r" ind2="v">
   <subfield code="a">NF 1305</subfield>
   <subfield code="b">Einzelbeiträge</subfield>
   <subfield code="k">Geschichte</subfield>
   <subfield code="k">Ur- und Frühgeschichte / Prähistorische Archäologie</subfield>
   <subfield code="k">Allgemeine und europäische Ur- und Frühgeschichte nach Epochen</subfield>
   <subfield code="k">Zeitlich übergreifende Darstellungen</subfield>
   <subfield code="k">Europa</subfield>
   <subfield code="k">Mitteleuropa (Deutschland, Österreich, Schweiz)</subfield>
   <subfield code="k">Deutschland</subfield>
   <subfield code="k">West- und Mitteldeutschland</subfield>
   <subfield code="k">Einzelbeiträge</subfield>
   <subfield code="0">(DE-627)1399013947</subfield>
   <subfield code="0">(DE-625)rvk/125211:1212</subfield>
   <subfield code="0">(DE-576)329013947</subfield>
  </datafield>
  <datafield tag="936" ind1="b" ind2="k">
   <subfield code="a">15.19</subfield>
   <subfield code="j">Vor- und Frühgeschichte</subfield>
   <subfield code="q">coli-conc RVK-&gt;BK</subfield>
   <subfield code="q">https://coli-conc.gbv.de/api/mappings/86628ea8-ce7c-4261-a534-79c6ddd79ae8</subfield>
   <subfield code="0">(DE-627)10640329X</subfield>
  </datafield>
  <datafield tag="951" ind1=" " ind2=" ">
   <subfield code="a">BO</subfield>
  </datafield>
  <datafield tag="990" ind1=" " ind2=" ">
   <subfield code="a">Franken</subfield>
  </datafield>
  <datafield tag="990" ind1=" " ind2=" ">
   <subfield code="a">Köln-Junkersdorf</subfield>
  </datafield>
  <datafield tag="990" ind1=" " ind2=" ">
   <subfield code="a">Gräberfeld</subfield>
  </datafield>
  <datafield tag="991" ind1=" " ind2=" ">
   <subfield code="a">Rezensiertes Werk</subfield>
  </datafield>
  <datafield tag="999" ind1=" " ind2=" ">
   <subfield code="a">KXP-PPN1127685201</subfield>
   <subfield code="e">4564520466</subfield>
  </datafield>
 </record>
</collection>
